[Event "European Women-ch 2023"]
[Site "Petrovac"]
[Date "2023.03.21"]
[Round "4.8"]
[White "Brunello, Marina"]
[Black "Zaksaite, Salomeja"]
[Result "1-0"]
[WhiteElo "2346"]
[BlackElo "2187"]
[Annotator "TA"]
[PlyCount "57"]
[EventDate "2023.03.15"]
[EventType "swiss"]
[EventCountry "MNE"]
[SourceTitle "playchess.com"]
[Source "ChessBase"]
[SourceQuality "1"]

1. e4 c5 2. Nf3 Nc6 3. d4 cxd4 4. Nxd4 Nf6 5. Nc3 e5 6. Nde2 Bb4 7. a3 Ba5 8. Bg5 h6 9. Be3 Nxe4 10. b4 Nxb4 11. axb4 Bxb4 12. Qd3 Qc7 13. Bd2 Nxd2 14. Kxd2 O-O 15. Kc1 e4 16. Qd4 Bc5 17. Qxe4 d5 18. Nxd5 Qd6 19. Nec3 Be6 20. Bd3 f5 21. Qf4 Rac8 22. Qxd6 Bxd6 23. Re1 Bf7 24. Nb5 Bxd5 25. Nxd6 Rc7 26. Nxf5 Bxg2 27. Rxa7 Bh3 28. Ne7+ Kf7 29. Bg6+ 1-0

[Event "European Women-ch 2023"]
[Site "Petrovac"]
[Date "2023.03.21"]
[Round "4.8"]
[White "Shpanko, Nadiia"]
[Black "Ismayil, Malak"]
[Result "1/2-1/2"]
[WhiteElo "2164"]
[BlackElo "2011"]
[Annotator "TA"]
[PlyCount "99"]
[EventDate "2023.03.15"]
[EventType "swiss"]
[EventCountry "MNE"]
[SourceTitle "playchess.com"]
[Source "ChessBase"]
[SourceQuality "1"]

1. d4 Nf6 2. c4 e6 3. Nc3 d5 4. e3 Bb4 5. a3 Bxc3+ 6. bxc3 c5 7. Nf3 Nbd7 8. cxd5 exd5 9. Bd3 Qa5 10. Bb2 cxd4 11. Nxd4 O-O 12. O-O Ne5 13. Be2 Bg4 14. f3 Bd7 15. Qb3 Rfe8 16. Rfe1 Rac8 17. Rac1 a6 18. Qb4 Qc7 19. a4 a5 20. Qa3 Nc4 21. Bxc4 Qxc4 22. Ra1 h5 23. Nb3 b6 24. Nd4 h4 25. Qd6 Qc7 26. Qxc7 Rxc7 27. Kf2 Rc4 28. Ra3 Bxa4 29. Nf5 Re6 30. e4 Bd7 31. e5 Nh5 32. g3 hxg3+ 33. hxg3 a4 34. Bc1 g6 35. Ne3 Rc5 36. f4 b5 37. Rd1 Bc6 38. Nc2 Re8 39. Be3 Rc4 40. Nb4 Rc8 41. Nxc6 R4xc6 42. Rxd5 Rxc3 43. Rxc3 Rxc3 44. Rxb5 Ng7 45. Rb8+ Kh7 46. g4 a3 47. Ra8 Rc2+ 48. Kf3 a2 49. Ke4 Re2 50. Kf3 1/2-1/2

[Event "European Women-ch 2023"]
[Site "Petrovac"]
[Date "2023.03.21"]
[Round "4.9"]
[White "Badelka, Olga"]
[Black "Cyfka, Karina"]
[Result "1-0"]
[WhiteElo "2428"]
[BlackElo "2350"]
[Annotator "TA"]
[PlyCount "103"]
[EventDate "2023.03.15"]
[EventType "swiss"]
[EventCountry "MNE"]
[SourceTitle "playchess.com"]
[Source "ChessBase"]
[SourceQuality "1"]

1. d4 Nf6 2. c4 e6 3. Nc3 Bb4 4. e3 O-O 5. Bd2 d5 6. Nf3 b6 7. cxd5 exd5 8. Rc1 a6 9. Bd3 Bb7 10. Ne5 Bd6 11. f4 c5 12. Qf3 Nc6 13. Qh3 Ne7 14. O-O Ne4 15. Be1 f5 16. dxc5 Nxc5 17. Bc2 Qe8 18. Rd1 Ne6 19. Bh4 g5 20. Bg3 Bxe5 21. fxe5 Qg6 22. Be1 Rad8 23. Ne2 a5 24. Ng3 Ng7 25. Bc3 Qe6 26. Ne2 Qg6 27. Nd4 Bc8 28. Qf3 g4 29. Qf2 Nc6 30. Ne2 Be6 31. Nf4 Qf7 32. Ba4 Ne7 33. Bd4 Rb8 34. Rc1 b5 35. Bc2 Ng6 36. Bc5 Nxe5 37. Bxf8 Rxf8 38. Qd2 Nc4 39. Qd4 Qf6 40. b3 Nd6 41. Qxf6 Rxf6 42. Rfd1 Nge8 43. Nxd5 Bxd5 44. Rxd5 Kf7 45. Bd3 Ke6 46. Rdc5 g3 47. hxg3 Rg6 48. Bxb5 Nf6 49. Bc4+ Kd7 50. Rd1 Rxg3 51. Rxa5 Rxe3 52. Ra7+ 1-0

[Event "European Women-ch 2023"]
[Site "Petrovac"]
[Date "2023.03.21"]
[Round "4.9"]
[White "Gajcin, Marina"]
[Black "Savina, Anastasia"]
[Result "1-0"]
[WhiteElo "2215"]
[BlackElo "2345"]
[Annotator "TA"]
[PlyCount "83"]
[EventDate "2023.03.15"]
[EventType "swiss"]
[EventCountry "MNE"]
[SourceTitle "playchess.com"]
[Source "ChessBase"]
[SourceQuality "1"]

1. e4 e5 2. Nf3 Nc6 3. Bb5 Nf6 4. O-O Nxe4 5. d4 Nd6 6. dxe5 Nxb5 7. a4 d6 8. e6 Bxe6 9. axb5 Ne5 10. Nd4 Bd7 11. f4 Ng4 12. Re1+ Be7 13. Qe2 Kf8 14. Nc3 Bh4 15. g3 Bf6 16. Nf3 h5 17. Ne4 c6 18. h3 d5 19. Nxf6 Nxf6 20. Ng5 Bf5 21. Be3 Ne4 22. Nxe4 Bxe4 23. bxc6 bxc6 24. Bxa7 Kg8 25. Bd4 Rh6 26. b4 Rxa1 27. Rxa1 Qc8 28. Kh2 Qf5 29. c3 Re6 30. Qf2 Bb1 31. Ra8+ Kh7 32. Be5 Rxe5 33. g4 Qf6 34. Kg3 h4+ 35. Kg2 Be4+ 36. Kg1 Re7 37. g5 Qd6 38. Qxh4+ Kg6 39. Rh8 f6 40. Qh5+ Kf5 41. Qg4+ Kg6 42. f5+ 1-0

[Event "European Women-ch 2023"]
[Site "Petrovac"]
[Date "2023.03.21"]
[Round "4.9"]
[White "Donghvani, Nia"]
[Black "Mayrhuber, Nikola"]
[Result "1-0"]
[WhiteElo "2025"]
[BlackElo "2162"]
[Annotator "TA"]
[PlyCount "83"]
[EventDate "2023.03.15"]
[EventType "swiss"]
[EventCountry "MNE"]
[SourceTitle "playchess.com"]
[Source "ChessBase"]
[SourceQuality "1"]

1. d4 Nf6 2. c4 e6 3. Nf3 b6 4. g3 Bb7 5. Bg2 Be7 6. Nc3 Ne4 7. Bd2 Nxd2 8. Qxd2 d5 9. Ne5 O-O 10. O-O c6 11. b3 Nd7 12. Nd3 Nf6 13. Ne5 Rc8 14. Rfd1 Qc7 15. e4 c5 16. Nb5 Qb8 17. exd5 exd5 18. Re1 Rfe8 19. cxd5 Nxd5 20. dxc5 Nf6 21. c6 Ba6 22. c7 Rxc7 23. Nxc7 Qxc7 24. Rac1 Bc5 25. b4 Rxe5 26. bxc5 Rxc5 27. Rxc5 bxc5 28. Qe3 g6 29. Qe7 Qb6 30. Rd1 Kg7 31. h3 Bc4 32. Rd8 Qb1+ 33. Kh2 g5 34. Qxc5 Bxa2 35. Qxg5+ Qg6 36. Qc5 Ne4 37. Qf8+ Kf6 38. Qh8+ Kf5 39. Bxe4+ Kxe4 40. Qd4+ Kf5 41. Qf4+ Ke6 42. Rd6+ 1-0

[Event "European Women-ch 2023"]
[Site "Petrovac"]
[Date "2023.03.21"]
[Round "4.10"]
[White "Daulyte-Cornette, Deimante"]
[Black "Fataliyeva, Ulviyya"]
[Result "1-0"]
[WhiteElo "2344"]
[BlackElo "2427"]
[Annotator "TA"]
[PlyCount "85"]
[EventDate "2023.03.15"]
[EventType "swiss"]
[EventCountry "MNE"]
[SourceTitle "playchess.com"]
[Source "ChessBase"]
[SourceQuality "1"]

1. e4 e6 2. d4 d5 3. e5 c5 4. c3 Nc6 5. Nf3 Bd7 6. Be2 Nge7 7. Na3 cxd4 8. cxd4 Nf5 9. Nc2 Be7 10. O-O O-O 11. Bd3 f6 12. Bxf5 exf5 13. Re1 Be8 14. Qd3 Rc8 15. Bd2 f4 16. Rac1 g5 17. exf6 Bxf6 18. Nb4 Bg6 19. Qb3 Bf7 20. Nxc6 bxc6 21. Ne5 Re8 22. Nxf7 Rxe1+ 23. Rxe1 Kxf7 24. Qd3 Kg7 25. h4 Qd7 26. hxg5 Bxg5 27. Re5 h6 28. Rf5 Re8 29. Bxf4 Re1+ 30. Kh2 Re4 31. Be5+ Kg8 32. Qf3 Qe7 33. g3 Re1 34. Kg2 Qe8 35. Qa3 Qe7 36. Qb3 Qd7 37. Qf3 Qe8 38. Qg4 Qg6 39. Rf3 Qe8 40. Qf5 c5 41. Rb3 Rxe5 42. dxe5 d4 43. Qe4 1-0

[Event "European Women-ch 2023"]
[Site "Petrovac"]
[Date "2023.03.21"]
[Round "4.10"]
[White "Chelushkina, Irina"]
[Black "Mkrtchyan, Mariam"]
[Result "1/2-1/2"]
[WhiteElo "2207"]
[BlackElo "2343"]
[Annotator "TA"]
[PlyCount "166"]
[EventDate "2023.03.15"]
[EventType "swiss"]
[EventCountry "MNE"]
[SourceTitle "playchess.com"]
[Source "ChessBase"]
[SourceQuality "1"]

1. e4 e5 2. Nf3 Nc6 3. Bc4 Bc5 4. c3 Nf6 5. d3 d6 6. Bb3 h6 7. Nbd2 O-O 8. O-O Re8 9. h3 a5 10. Re1 Be6 11. Ba4 Bd7 12. Nf1 Qb8 13. Bc2 Qa7 14. Be3 Bxe3 15. Nxe3 a4 16. a3 b5 17. Nd5 Nxd5 18. exd5 Ne7 19. d4 exd4 20. Nxd4 g6 21. Qd2 Kg7 22. Be4 Ng8 23. Bf3 Re5 24. Nc2 Rae8 25. Ne3 f5 26. Qd4 Qc5 27. Red1 Nf6 28. c4 b4 29. Qxc5 dxc5 30. axb4 cxb4 31. c5 Bb5 32. Rd4 b3 33. g4 fxg4 34. hxg4 c6 35. Rb4 Ne4 36. Rc1 Nxf2 37. Kxf2 Rxe3 38. dxc6 Be2 39. Bg2 R3e7 40. Re1 Rf7+ 41. Kg1 h5 42. gxh5 gxh5 43. Rxa4 Re6 44. Rb4 Bc4 45. Rxe6 Bxe6 46. Rb7 Kf6 47. Kh2 Re7 48. c7 Bc8 49. Rxb3 Rxc7 50. c6 Ke7 51. Rb8 Kd6 52. b4 Be6 53. Rd8+ Ke7 54. Rh8 Kd6 55. Rxh5 Re7 56. Ra5 Re8 57. Ra7 Rb8 58. Rb7 Rh8+ 59. Kg3 Rg8+ 60. Kf2 Bc8 61. Rb5 Kc7 62. Bf3 Ba6 63. Rh5 Kb6 64. Ke3 Bb5 65. Rh6 Rc8 66. Kd4 Rc7 67. Bd5 Ba4 68. Rd6 Bb5 69. Kc3 Ba4 70. Kc4 Bb5+ 71. Kd4 Ba4 72. Rh6 Bb5 73. Be4 Ba4 74. Kc4 Bb5+ 75. Kb3 Ka7 76. Bf3 Kb6 77. Bd5 Ka7 78. Kc3 Kb6 79. Kd4 Ba4 80. Rf6 Bb5 81. Kc3 Ba4 82. Kc4 Bb5+ 83. Kb3 Ka7 1/2-1/2

[Event "European Women-ch 2023"]
[Site "Petrovac"]
[Date "2023.03.21"]
[Round "4.10"]
[White "Ter-Avetisjana, Agnesa Stepania"]
[Black "Zherebtsova, Alexandra"]
[Result "0-1"]
[WhiteElo "1974"]
[BlackElo "2155"]
[Annotator "TA"]
[PlyCount "90"]
[EventDate "2023.03.15"]
[EventType "swiss"]
[EventCountry "MNE"]
[SourceTitle "playchess.com"]
[Source "ChessBase"]
[SourceQuality "1"]

1. e4 c5 2. Nf3 Nc6 3. Bb5 g6 4. O-O Bg7 5. Re1 a6 6. Bxc6 dxc6 7. d3 Nf6 8. a4 a5 9. Na3 O-O 10. h3 Qc7 11. Be3 Nd7 12. Rb1 e5 13. Qd2 Rd8 14. Bh6 Nf8 15. Bxg7 Kxg7 16. Qc3 Nd7 17. Nd2 f6 18. Rf1 b6 19. Rbe1 g5 20. Ndc4 Nf8 21. Ne3 Ng6 22. Kh2 Be6 23. Nb1 h5 24. Nd2 Rh8 25. f3 Qd7 26. Kg1 Nf4 27. Ndc4 Rab8 28. Kf2 Kg6 29. Rh1 Qd4 30. Qxd4 cxd4 31. Nf1 Bxc4 32. dxc4 b5 33. axb5 cxb5 34. g3 Ne6 35. Nd2 h4 36. gxh4 Rxh4 37. Ra1 a4 38. cxb5 Rxb5 39. b3 axb3 40. Nxb3 Nf4 41. Ra5 Rb6 42. Ra3 Rc6 43. Ra2 Rxh3 44. Rxh3 Nxh3+ 45. Ke2 Rc3 0-1

[Event "European Women-ch 2023"]
[Site "Petrovac"]
[Date "2023.03.21"]
[Round "4.11"]
[White "Wagner, Dinara"]
[Black "Heinemann, Josefine"]
[Result "1-0"]
[WhiteElo "2411"]
[BlackElo "2343"]
[Annotator "TA"]
[PlyCount "82"]
[EventDate "2023.03.15"]
[EventType "swiss"]
[EventCountry "MNE"]
[SourceTitle "playchess.com"]
[Source "ChessBase"]
[SourceQuality "1"]

1. d4 Nf6 2. c4 e6 3. Nf3 d5 4. Nc3 c5 5. cxd5 Nxd5 6. e4 Nxc3 7. bxc3 cxd4 8. cxd4 Bb4+ 9. Bd2 Bxd2+ 10. Qxd2 O-O 11. Bc4 Nd7 12. O-O b6 13. d5 Nc5 14. Rfe1 exd5 15. exd5 Qd6 16. h4 h6 17. Ne5 Bb7 18. Rad1 Rfe8 19. Qd4 Re7 20. Re3 a6 21. a3 Rae8 22. Rde1 b5 23. Ba2 Nd7 24. Nxf7 Kxf7 25. Re6 Nf6 26. Rxd6 Rxe1+ 27. Kh2 R8e4 28. Rxf6+ gxf6 29. Qa7 Kg6 30. Qxb7 Rxh4+ 31. Kg3 Ra4 32. f3 Rxa3 33. Qc8 Rxa2 34. Qg8+ Kf5 35. Qg4+ Ke5 36. Qe6+ Kd4 37. Qxe1 Kxd5 38. Qe4+ Kc5 39. Qe7+ Kd4 40. Qb4+ Ke5 41. f4+ Kd5 1-0

[Event "European Women-ch 2023"]
[Site "Petrovac"]
[Date "2023.03.21"]
[Round "4.11"]
[White "Maras, Marija Mia"]
[Black "Kejzar, Petra"]
[Result "0-1"]
[WhiteElo "1051"]
[BlackElo "2128"]
[Annotator "TA"]
[PlyCount "26"]
[EventDate "2023.03.15"]
[EventType "swiss"]
[EventCountry "MNE"]
[SourceTitle "playchess.com"]
[Source "ChessBase"]
[SourceQuality "1"]

1. c4 c5 2. Nc3 Nc6 3. g3 g6 4. Bg2 Bg7 5. e3 e5 6. Nge2 d6 7. O-O Nge7 8. Nd5 Nxd5 9. Bxd5 Bh3 10. Re1 O-O 11. f4 Nb4 12. Bxb7 Nd3 13. Bxa8 Qxa8 0-1

[Event "European Women-ch 2023"]
[Site "Petrovac"]
[Date "2023.03.21"]
[Round "4.12"]
[White "Gunina, Valentina"]
[Black "Klek, Hanna Marie"]
[Result "1-0"]
[WhiteElo "2478"]
[BlackElo "2314"]
[Annotator "TA"]
[PlyCount "118"]
[EventDate "2023.03.15"]
[EventType "swiss"]
[EventCountry "MNE"]
[SourceTitle "playchess.com"]
[Source "ChessBase"]
[SourceQuality "1"]

1. d4 Nf6 2. c4 e6 3. Nf3 d5 4. Nc3 a6 5. c5 b6 6. cxb6 c5 7. Bf4 Bd6 8. Bxd6 Qxd6 9. Rc1 Nbd7 10. e3 O-O 11. Be2 Rb8 12. O-O c4 13. Nd2 e5 14. dxe5 Nxe5 15. Nf3 Bf5 16. Qd4 Nc6 17. Qd2 Rfd8 18. Rfd1 Qb4 19. Nd4 Nxd4 20. Qxd4 Qxb2 21. Bxc4 Rxb6 22. Bb3 Rbd6 23. Nb5 Qxd4 24. Nxd4 Bd7 25. f3 h5 26. h4 a5 27. Rd2 Rb8 28. Bd1 Rdb6 29. Nb3 Ra8 30. Kf2 Rb4 31. Rd4 Bb5 32. a3 Rc4 33. Rdxc4 Bxc4 34. Nd2 Bb5 35. Rc5 Bd7 36. Nb1 Kf8 37. Nc3 Rc8 38. Rxc8+ Bxc8 39. Bb3 Be6 40. Ke2 Ke7 41. Kd3 Kd6 42. Kd4 Kc6 43. Ne2 Ng8 44. Nf4 Ne7 45. Bc2 g6 46. Ke5 Bf5 47. e4 dxe4 48. fxe4 Bg4 49. Kf6 Nc8 50. e5 Nb6 51. Kxf7 Nc4 52. e6 Nxa3 53. Ba4+ Nb5 54. Nxg6 Kd6 55. Bxb5 Bxe6+ 56. Kf6 Bb3 57. Nf4 a4 58. Bxa4 Bxa4 59. Nxh5 Kd5 1-0

[Event "European Women-ch 2023"]
[Site "Petrovac"]
[Date "2023.03.21"]
[Round "4.12"]
[White "Hrescak, Ivana"]
[Black "Lomaia, Diana"]
[Result "0-1"]
[WhiteElo "2127"]
[BlackElo "1950"]
[Annotator "TA"]
[PlyCount "78"]
[EventDate "2023.03.15"]
[EventType "swiss"]
[EventCountry "MNE"]
[SourceTitle "playchess.com"]
[Source "ChessBase"]
[SourceQuality "1"]

1. c4 e5 2. g3 Nf6 3. Bg2 c6 4. d4 e4 5. d5 cxd5 6. cxd5 Bb4+ 7. Bd2 Qe7 8. a3 Bc5 9. e3 O-O 10. Nc3 d6 11. h3 Nbd7 12. Qc2 Re8 13. g4 Qe5 14. Nge2 Bb6 15. Ng3 Nc5 16. O-O a5 17. b4 axb4 18. axb4 Rxa1 19. Rxa1 Nd3 20. Rb1 Nxf2 21. Nf1 Nd3 22. Nxe4 Nxe4 23. Qxd3 Nxd2 24. Qxd2 h5 25. Bf3 hxg4 26. hxg4 Qg5 27. Qg2 Bxe3+ 28. Nxe3 Qxe3+ 29. Qf2 Qf4 30. Re1 Rxe1+ 31. Qxe1 Qxf3 32. Qe8+ Kh7 33. Qxc8 Qxd5 34. Qc2+ g6 35. Qf2 Kg7 36. Qb2+ Qe5 37. Qd2 d5 38. g5 d4 39. Kg2 Qe3 0-1

[Event "European Women-ch 2023"]
[Site "Petrovac"]
[Date "2023.03.21"]
[Round "4.12"]
[White "Skvortsova, Alena"]
[Black "Zhukova, Natalia"]
[Result "0-1"]
[WhiteElo "2032"]
[BlackElo "2322"]
[Annotator "TA"]
[PlyCount "70"]
[EventDate "2023.03.15"]
[EventType "swiss"]
[EventCountry "MNE"]
[SourceTitle "playchess.com"]
[Source "ChessBase"]
[SourceQuality "1"]

1. e4 e5 2. Nf3 Nc6 3. Bb5 a6 4. Ba4 Nf6 5. O-O b5 6. Bb3 Bc5 7. c3 d6 8. d4 Bb6 9. a4 Rb8 10. a5 Ba7 11. Be3 Bg4 12. Nbd2 exd4 13. cxd4 O-O 14. h3 Bh5 15. Qc1 Nb4 16. Qc3 c5 17. dxc5 dxc5 18. Bg5 h6 19. Bh4 Nd3 20. e5 Bxf3 21. Bxf6 gxf6 22. Nxf3 fxe5 23. Nxe5 Nxe5 24. Qxe5 c4 25. Bc2 Qg5 26. Qe4 f5 27. Qe6+ Kh8 28. Rad1 Rf6 29. Qe7 Rg8 30. g4 Qh4 31. Kh2 Bxf2 32. Qc7 Re8 33. Kg2 Rf7 34. Qd6 fxg4 35. Qg6 Qxh3# 0-1

[Event "European Women-ch 2023"]
[Site "Petrovac"]
[Date "2023.03.21"]
[Round "4.13"]
[White "Efroimski, Marsel"]
[Black "Urh, Zala"]
[Result "1-0"]
[WhiteElo "2451"]
[BlackElo "2294"]
[Annotator "TA"]
[PlyCount "53"]
[EventDate "2023.03.15"]
[EventType "swiss"]
[EventCountry "MNE"]
[SourceTitle "playchess.com"]
[Source "ChessBase"]
[SourceQuality "1"]

1. e4 c5 2. Nf3 Nc6 3. Bb5 e6 4. O-O Nge7 5. Re1 b6 6. c3 a6 7. Bxc6 Nxc6 8. d4 cxd4 9. cxd4 Qc7 10. Nc3 Be7 11. Be3 O-O 12. Rc1 Bb7 13. d5 Ne5 14. Nxe5 Qxe5 15. Bxb6 f5 16. exf5 Qxf5 17. dxe6 Rf6 18. exd7 Rg6 19. g3 Bf3 20. Rxe7 Bxd1 21. Re8+ Kf7 22. Rxa8 Rd6 23. Rxd1 Rxd1+ 24. Nxd1 Qe4 25. d8=Q Qe1+ 26. Kg2 Qe4+ 27. f3 1-0

[Event "European Women-ch 2023"]
[Site "Petrovac"]
[Date "2023.03.21"]
[Round "4.13"]
[White "Garcia Martin, Marta"]
[Black "Hajiyeva, Laman"]
[Result "1-0"]
[WhiteElo "2306"]
[BlackElo "2118"]
[Annotator "TA"]
[PlyCount "71"]
[EventDate "2023.03.15"]
[EventType "swiss"]
[EventCountry "MNE"]
[SourceTitle "playchess.com"]
[Source "ChessBase"]
[SourceQuality "1"]

1. e4 e6 2. d4 d5 3. e5 c5 4. c3 Qb6 5. Nf3 Nc6 6. a3 Nh6 7. Bd3 cxd4 8. O-O Bd7 9. b4 Ng4 10. Qe2 dxc3 11. Nxc3 d4 12. Na4 Qc7 13. Bf4 f6 14. Rac1 Qb8 15. Bg3 Ncxe5 16. Nxe5 Nxe5 17. Qh5+ Kd8 18. Nc5 Bxc5 19. Rxc5 Nxd3 20. Bxb8 Nxc5 21. Qxc5 Rxb8 22. Qxd4 Ke7 23. Qc5+ Kf7 24. Qc7 Rhd8 25. Rd1 Ke8 26. h4 Bc6 27. Rxd8+ Rxd8 28. Qxg7 Rd1+ 29. Kh2 Rd7 30. Qg8+ Ke7 31. Qxh7+ Kd6 32. Qh8 Ke5 33. h5 Be4 34. f3 Bb1 35. Qb8+ Kd5 36. Qc8 1-0

[Event "European Women-ch 2023"]
[Site "Petrovac"]
[Date "2023.03.21"]
[Round "4.13"]
[White "Shuqja, Klean"]
[Black "Petrova, Irina"]
[Result "1-0"]
[WhiteElo "1884"]
[BlackElo "2123"]
[Annotator "TA"]
[PlyCount "119"]
[EventDate "2023.03.15"]
[EventType "swiss"]
[EventCountry "MNE"]
[SourceTitle "playchess.com"]
[Source "ChessBase"]
[SourceQuality "1"]

1. e4 d6 2. d4 g6 3. Nc3 Bg7 4. Nf3 Nf6 5. Be2 O-O 6. O-O Bg4 7. Be3 Nc6 8. d5 Bxf3 9. Bxf3 Ne5 10. Be2 c6 11. f4 Ned7 12. dxc6 bxc6 13. Qd2 Qc7 14. Bf3 Rab8 15. Na4 c5 16. Rab1 Rb4 17. Nc3 Rc8 18. a3 Rbb8 19. b3 Qa5 20. Nd5 Qxd2 21. Nxf6+ Bxf6 22. Bxd2 Nb6 23. Rfe1 Bg7 24. a4 c4 25. a5 Bd4+ 26. Be3 Bxe3+ 27. Rxe3 Nd7 28. b4 Rc5 29. Ree1 Rc7 30. c3 h5 31. Rbd1 f6 32. g3 Kf7 33. Rd4 Rbc8 34. Kf2 Kg7 35. Bd1 Nf8 36. h4 Ne6 37. Rd2 Nf8 38. Ba4 Nd7 39. Rd5 Rf8 40. Kg2 Rfc8 41. e5 fxe5 42. Bxd7 Rxd7 43. fxe5 Rc6 44. Red1 a6 45. Kf3 Kf7 46. Ke4 Ke6 47. exd6 Rcxd6 48. Rxd6+ exd6 49. Kd4 d5 50. Re1+ Kd6 51. Re5 Kc6 52. Re6+ Rd6 53. Re5 Rd7 54. Re8 Rd6 55. Rb8 Kc7 56. Rb6 Rd8 57. Rxg6 Rf8 58. Kxd5 Rf3 59. Kxc4 Kb7 60. Kd4 1-0

[Event "European Women-ch 2023"]
[Site "Petrovac"]
[Date "2023.03.21"]
[Round "4.14"]
[White "Hrebenshchykova, Yelyzaveta"]
[Black "Arabidze, Meri"]
[Result "1/2-1/2"]
[WhiteElo "2289"]
[BlackElo "2433"]
[Annotator "TA"]
[PlyCount "39"]
[EventDate "2023.03.15"]
[EventType "swiss"]
[EventCountry "MNE"]
[SourceTitle "playchess.com"]
[Source "ChessBase"]
[SourceQuality "1"]

1. e4 c5 2. Nf3 e6 3. d4 cxd4 4. Nxd4 Nc6 5. Nc3 Qc7 6. Be2 Nf6 7. O-O Be7 8. Be3 O-O 9. f4 d6 10. Kh1 Nxd4 11. Qxd4 e5 12. Qd3 a6 13. a4 exf4 14. Bxf4 Be6 15. Qg3 Rfd8 16. Rad1 Qc5 17. Be3 Qe5 18. Bf4 Qc5 19. Be3 Qe5 20. Bf4 1/2-1/2

[Event "European Women-ch 2023"]
[Site "Petrovac"]
[Date "2023.03.21"]
[Round "4.14"]
[White "Tsirulnik, Maritsa"]
[Black "Manova, Ivana"]
[Result "1/2-1/2"]
[WhiteElo "2121"]
[BlackElo "1923"]
[Annotator "TA"]
[PlyCount "95"]
[EventDate "2023.03.15"]
[EventType "swiss"]
[EventCountry "MNE"]
[SourceTitle "playchess.com"]
[Source "ChessBase"]
[SourceQuality "1"]

1. d4 Nf6 2. c4 e6 3. Nc3 d5 4. cxd5 exd5 5. Bg5 Be7 6. e3 c6 7. Bd3 Bg4 8. Nge2 Ne4 9. Bxe7 Qxe7 10. Bxe4 dxe4 11. h3 Bxe2 12. Qxe2 O-O 13. O-O-O Nd7 14. d5 Rac8 15. Kb1 Nc5 16. Rd4 cxd5 17. Nxd5 Qe6 18. Qg4 f5 19. Qg5 Kh8 20. g4 g6 21. Qh6 Nd3 22. Nf4 Qc6 23. Nxg6+ Qxg6 24. Qxg6 hxg6 25. f3 Kg7 26. gxf5 gxf5 27. fxe4 fxe4 28. Rg1+ Kf6 29. Rxe4 Ne5 30. h4 Kf5 31. Rb4 b6 32. a4 Rg8 33. Rxg8 Rxg8 34. a5 Rg6 35. axb6 axb6 36. Kc2 Rc6+ 37. Kb3 Nd3 38. Rd4 Nc5+ 39. Kb4 Re6 40. Rf4+ Kg6 41. Kb5 Ne4 42. Rf8 Nf6 43. Rc8 Rxe3 44. Kxb6 Rb3+ 45. Kc5 Rxb2 46. Ra8 Rh2 47. Ra4 Kh5 48. Kd4 1/2-1/2

[Event "European Women-ch 2023"]
[Site "Petrovac"]
[Date "2023.03.21"]
[Round "4.14"]
[White "Makka, Ioulia"]
[Black "Zimina, Olga"]
[Result "0-1"]
[WhiteElo "1949"]
[BlackElo "2295"]
[Annotator "TA"]
[PlyCount "80"]
[EventDate "2023.03.15"]
[EventType "swiss"]
[EventCountry "MNE"]
[SourceTitle "playchess.com"]
[Source "ChessBase"]
[SourceQuality "1"]

1. e4 e5 2. Nf3 Nc6 3. Bb5 Nf6 4. d3 Bc5 5. Bxc6 dxc6 6. O-O Nd7 7. Nbd2 f6 8. b3 Nf8 9. Bb2 Be6 10. Re1 Qd7 11. a3 a6 12. Bc3 g5 13. Nf1 O-O-O 14. Qc1 Ng6 15. Qb2 g4 16. N3d2 h5 17. b4 Ba7 18. Nb3 Bxb3 19. Qxb3 h4 20. Ne3 g3 21. fxg3 hxg3 22. hxg3 Qg4 23. Kf2 Rhg8 24. d4 Qxe4 25. Qe6+ Kb8 26. Qf5 Qxf5+ 27. Nxf5 exd4 28. Bd2 d3+ 29. Be3 dxc2 30. Bxa7+ Kxa7 31. Rac1 Ne5 32. Rxc2 Nd3+ 33. Kf1 Rg5 34. Ne3 Nxe1 35. Kxe1 Rd3 36. Kf2 Rxa3 37. Rc4 Re5 38. Ng4 Rd5 39. Rf4 Rd2+ 40. Kg1 Rxg3 0-1

[Event "European Women-ch 2023"]
[Site "Petrovac"]
[Date "2023.03.21"]
[Round "4.15"]
[White "Lazarne Vajda, Szidonia"]
[Black "Kobak, Polina"]
[Result "1-0"]
[WhiteElo "2294"]
[BlackElo "1815"]
[Annotator "TA"]
[PlyCount "111"]
[EventDate "2023.03.15"]
[EventType "swiss"]
[EventCountry "MNE"]
[SourceTitle "playchess.com"]
[Source "ChessBase"]
[SourceQuality "1"]

1. d4 d5 2. Nf3 Nf6 3. Bf4 c5 4. e3 Nc6 5. Nbd2 e6 6. c3 Bd6 7. Bg3 O-O 8. Bd3 b6 9. Ne5 Qc7 10. f4 Bb7 11. Bh4 Be7 12. Bxf6 Bxf6 13. O-O g6 14. Qg4 Bg7 15. Nxc6 Bxc6 16. h4 Qd7 17. Qe2 f6 18. h5 e5 19. hxg6 e4 20. gxh7+ Kh8 21. Ba6 Qf5 22. Kf2 Kxh7 23. Rh1+ Kg8 24. Rh5 Qd7 25. Rah1 Rf7 26. Rh7 Kf8 27. Qh5 Ke7 28. Rh3 Raf8 29. Be2 f5 30. g4 Kd8 31. gxf5 Qe7 32. Qg6 Bd7 33. Bg4 cxd4 34. cxd4 Bf6 35. a3 Kc8 36. Nb1 Be8 37. Nc3 Qd6 38. Rxf7 Bxf7 39. Qh7 Qd7 40. Bh5 Rh8 41. Qxf7 Qxf7 42. Bxf7 Rxh3 43. Nxd5 Bh4+ 44. Kg2 Rg3+ 45. Kh2 Rf3 46. Bh5 Rf2+ 47. Kh3 Bd8 48. f6 Kd7 49. f7 Be7 50. Nf6+ Ke6 51. Nh7 Rxb2 52. f8=Q Bxf8 53. Nxf8+ Ke7 54. Nh7 Rb3 55. f5 Rxe3+ 56. Kg2 1-0

[Event "European Women-ch 2023"]
[Site "Petrovac"]
[Date "2023.03.21"]
[Round "4.15"]
[White "Paasikangas, Johanna"]
[Black "Zhezhovska, Monika"]
[Result "1-0"]
[WhiteElo "2115"]
[BlackElo "1761"]
[Annotator "TA"]
[PlyCount "97"]
[EventDate "2023.03.15"]
[EventType "swiss"]
[EventCountry "MNE"]
[SourceTitle "playchess.com"]
[Source "ChessBase"]
[SourceQuality "1"]

1. d4 d5 2. c4 e6 3. Nc3 Nf6 4. Nf3 a6 5. e3 Be7 6. b3 O-O 7. Be2 Nbd7 8. O-O b6 9. Bb2 Bb7 10. Qc2 c5 11. Rfd1 Qc7 12. Rac1 Rac8 13. cxd5 exd5 14. Qf5 g6 15. Qh3 Rfd8 16. Ng5 Nf8 17. Na4 Ne4 18. Nxe4 dxe4 19. dxc5 Rxd1+ 20. Bxd1 bxc5 21. Be2 Qd6 22. Rd1 Qc6 23. Qg3 Qc7 24. Ba3 Ne6 25. Qxc7 Rxc7 26. Bc4 Nf8 27. Nb6 Bc6 28. Bd5 Nd7 29. Bxc6 Nxb6 30. Bxe4 c4 31. Bxe7 Rxe7 32. Bc2 cxb3 33. Bxb3 Rd7 34. Rxd7 Nxd7 35. Kf1 Kf8 36. Ke2 Nc5 37. f3 Ke7 38. Kd2 f6 39. Kc3 Kd6 40. Bg8 h6 41. Kd4 g5 42. Bc4 a5 43. g3 Nd7 44. f4 Nc5 45. e4 gxf4 46. gxf4 Nd7 47. Bb5 h5 48. Bxd7 Kxd7 49. Kc5 1-0

[Event "European Women-ch 2023"]
[Site "Petrovac"]
[Date "2023.03.21"]
[Round "4.16"]
[White "Stefanova, Antoaneta"]
[Black "Jarocka, Liwia"]
[Result "0-1"]
[WhiteElo "2435"]
[BlackElo "2181"]
[Annotator "TA"]
[PlyCount "66"]
[EventDate "2023.03.15"]
[EventType "swiss"]
[EventCountry "MNE"]
[SourceTitle "playchess.com"]
[Source "ChessBase"]
[SourceQuality "1"]

1. Nf3 d5 2. c4 c6 3. g3 Nf6 4. Bg2 dxc4 5. O-O Nbd7 6. Qc2 Nb6 7. Na3 Be6 8. Re1 h6 9. e4 g6 10. Bf1 Bg7 11. Ne5 Ng4 12. Nxg4 Bxg4 13. Nxc4 Nxc4 14. Qxc4 Be6 15. Qc2 Qb6 16. d3 O-O-O 17. e5 Bf5 18. Be3 Qb5 19. Bxa7 Bxe5 20. Bc5 Rd5 21. Bxe7 Qxb2 22. Qa4 Bd4 23. Kh1 Qxf2 24. Bg2 Bxa1 25. Rb1 Rb5 26. Rxa1 Re8 27. Rf1 Qb6 28. Bd6 Rb1 29. Qc2 Rxf1+ 30. Bxf1 Re1 31. Kg2 Qd4 32. Bc5 Qd5+ 33. Kf2 Rxf1+ 0-1